000 00411nam a2200181Ia 4500
001 4399
005 20260306145753.0
008 260306t2017||||xx |||||||||||||| ||spa||
041 _aESP
082 _a321.094
_bA69
100 _aArendt, Hannah
_eAUT
245 0 _aSobre la revolución
260 _c2017
300 _a476 pƔginas :
_c18 cm.
650 _aGEN
654 _aCHU
942 _cLIB
_dJUS
_fJUS
_2ddc
_n
999 _c4399
_d4399